[Event "Oberfranken-ch 1213"]
[Site "Schney"]
[Date "2013.01.05"]
[Round "6"]
[White "Hertel, Ulrich"]
[Black "Scherbel, Hans"]
[Result "0-1"]
[WhiteElo "1788"]
[BlackElo "1983"]
[PlyCount "35"]
[EventDate "2013.01.03"]
[EventType "swiss"]
[EventRounds "7"]
[EventCountry "GER"]
[SourceTitle "EXT 2015"]
[Source "ChessBase"]
[SourceDate "2014.11.20"]
[SourceVersion "1"]
[SourceVersionDate "2014.11.20"]
[SourceQuality "1"]

1. Nc3 Nf6 2. Nf3 g6 3. e4 d6 4. Bc4 Bg7 5. d3 0-0 6. h3 b6 7. Be3 Bb7 8. Qd2 Re8 9. 0-0-0 Nbd7 10. Ng5 e6 11. f4 d5 12. exd5 Nxd5 13. Nxd5 exd5 14. Bb3 Nc5 15. d4 Ne4 16. Nxe4 Rxe4 17. c3 Qe7 18. Bc2 0-1

[Event "Oberfranken-ch 1213"]
[Site "Schney"]
[Date "2013.01.03"]
[Round "1"]
[White "Scherbel, Hans"]
[Black "Kuespert, Helmut"]
[Result "0-1"]
[WhiteElo "1983"]
[BlackElo "1843"]
[PlyCount "58"]
[EventDate "2013.01.03"]
[EventType "swiss"]
[EventRounds "7"]
[EventCountry "GER"]
[SourceTitle "EXT 2015"]
[Source "ChessBase"]
[SourceDate "2014.11.20"]
[SourceVersion "1"]
[SourceVersionDate "2014.11.20"]
[SourceQuality "1"]

1. c4 Nf6 2. Nc3 c5 3. Nf3 b6 4. e3 Bb7 5. d4 cxd4 6. exd4 g6 7. Be2 Bg7 8. 0-0 0-0 9. d5 d6 10. Be3 Nbd7 11. Nd4 a6 12. a4 Qc7 13. Qd2 Rfe8 14. f3 e6 15. dxe6 fxe6 16. Rac1 Nc5 17. b4 e5 18. bxc5 exd4 19. Bxd4 dxc5 20. Bf2 Rad8 21. Qc2 Nh5 22. Rfe1 Be5 23. g3 Nxg3 24. hxg3 Bxg3 25. Ne4 Bxe4 26. fxe4 Bxf2+ 27. Kxf2 Qh2+ 28. Ke3 Rf8 29. Bf3 Qf4+ 0-1

[Event "Regionalliga NW 1112"]
[Site "Bayern"]
[Date "2011.12.11"]
[Round "4.3"]
[White "Kwossek, Georg"]
[Black "Scherbel, Hans"]
[Result "1-0"]
[WhiteElo "1958"]
[BlackElo "2014"]
[PlyCount "103"]
[EventDate "2011.10.02"]
[EventType "team-tourn"]
[EventRounds "9"]
[EventCountry "GER"]
[SourceTitle "EXT 2013"]
[Source "ChessBase"]
[SourceDate "2012.11.22"]
[SourceVersion "1"]
[SourceVersionDate "2012.11.22"]
[SourceQuality "1"]
[WhiteTeam "Kitzingen"]
[BlackTeam "Nordhalben"]
[WhiteTeamCountry "GER"]
[BlackTeamCountry "GER"]

1. d4 d5 2. Nf3 Nf6 3. c4 c6 4. g3 e6 5. Bg2 Nbd7 6. 0-0 Bd6 7. Qc2 0-0 8. Bf4 Bxf4 9. gxf4 Ne4 10. e3 f5 11. Nbd2 Rf6 12. cxd5 exd5 13. Ne5 Rh6 14. Ndf3 Qe7 15. Rab1 Nf8 16. b4 Bd7 17. a4 Be8 18. b5 cxb5 19. axb5 Rb6 20. Rfc1 Ne6 21. Qa2 Qd6 22. Bf1 Nc7 23. Rxc7 Qxc7 24. Qxd5+ Kh8 25. Ng5 Nxg5 26. fxg5 Rd8 27. Qc5 Qd6 28. Qxd6 Rbxd6 29. Nc4 Rg6 30. f4 Rc8 31. h4 Re6 32. Kf2 g6 33. d5 Re4 34. Nd6 Rc2+ 35. Kf3 Re7 36. h5 Rc3 37. Nc4 Bf7 38. Rd1 gxh5 39. d6 Rd7 40. Ne5 Be8 41. Nxd7 Bxd7 42. Ra1 a6 43. bxa6 bxa6 44. Rxa6 Rc6 45. Rxc6 Bxc6+ 46. Kg3 Kg7 47. Kh4 Kg6 48. Be2 Bd7 49. Bxh5+ Kg7 50. Bf3 Be8 51. Bd5 Kf8 52. Be6 1-0

[Event "Regionalliga NW 1112"]
[Site "Bayern"]
[Date "2011.11.20"]
[Round "3.3"]
[White "Scherbel, Hans"]
[Black "Hertel, Hans"]
[Result "1/2-1/2"]
[WhiteElo "2014"]
[BlackElo "2033"]
[PlyCount "87"]
[EventDate "2011.10.02"]
[EventType "team-tourn"]
[EventRounds "9"]
[EventCountry "GER"]
[SourceTitle "EXT 2013"]
[Source "ChessBase"]
[SourceDate "2012.11.22"]
[SourceVersion "1"]
[SourceVersionDate "2012.11.22"]
[SourceQuality "1"]
[WhiteTeam "Nordhalben"]
[BlackTeam "Hof"]
[WhiteTeamCountry "GER"]
[BlackTeamCountry "GER"]

1. d4 f5 2. g3 Nf6 3. Bg2 d5 4. Nf3 e6 5. 0-0 Bd6 6. c4 0-0 7. Qc2 Bd7 8. b3 c6 9. Bb2 Be8 10. Ne5 Nh5 11. e3 Nd7 12. Nd2 g5 13. f4 Nxe5 14. dxe5 Bc5 15. Bd4 Bxd4 16. exd4 gxf4 17. gxf4 Qh4 18. Nf3 Qxf4 19. Rf2 Qh6 20. Qd2 Qxd2 21. Nxd2 Rd8 22. c5 Rd7 23. b4 Rg7 24. Kh1 Rg4 25. Rg1 Kh8 26. Nf3 Bg6 27. a4 a6 28. Rb2 Be8 29. Bf1 Rfg8 30. b5 axb5 31. axb5 Nf4 32. b6 h5 33. Rf2 Bd7 34. h3 R4g6 35. Rxg6 Nxg6 36. Ra2 Kg7 37. Ra7 Rb8 38. Kh2 Kh6 39. h4 Ne7 40. Ng5 Kg6 41. Ba6 Bc8 42. Bd3 Ng8 43. Kg3 Nh6 44. Kf4 1/2-1/2

[Event "Regionalliga NW 0809"]
[Site "Bayern"]
[Date "2009.01.18"]
[Round "5.4"]
[White "Scherbel, Hans"]
[Black "Vogt, Thomas"]
[Result "1-0"]
[WhiteElo "2023"]
[BlackElo "1895"]
[PlyCount "85"]
[EventDate "2008.10.05"]
[EventType "team-tourn"]
[EventRounds "9"]
[EventCountry "GER"]
[SourceTitle "EXT 2020"]
[Source "ChessBase"]
[SourceDate "2019.10.17"]
[SourceVersion "1"]
[SourceVersionDate "2019.10.17"]
[SourceQuality "1"]
[WhiteTeam "Nordhalben"]
[BlackTeam "Wuerzburg II"]
[WhiteTeamCountry "GER"]
[BlackTeamCountry "GER"]

1. c4 Nf6 2. Nc3 c5 3. Nf3 Nc6 4. d4 cxd4 5. Nxd4 e6 6. g3 d5 7. Bg2 Bb4 8. 0-0 Bxc3 9. bxc3 Qa5 10. Qb3 0-0 11. cxd5 exd5 12. Bf4 a6 13. Rac1 Re8 14. Rfe1 Ne4 15. Be3 Ne5 16. Bxe4 dxe4 17. c4 Ng4 18. Bf4 Qh5 19. h4 Qc5 20. Qc3 Bd7 21. Rf1 Rad8 22. Nb3 Qa7 23. c5 Qa8 24. Bc7 Rc8 25. Bb6 Qb8 26. Qd4 Bf5 27. Na5 e3 28. f4 Be4 29. Nc4 Bc6 30. Nd6 Rcd8 31. Qc4 Rxd6 32. cxd6 Qxd6 33. Rcd1 Qe7 34. Qd4 Qa3 35. Qc4 Qb2 36. Rd4 Qxb6 37. Rfd1 h6 38. f5 Qb5 39. Rxg4 Qxf5 40. Rf4 Qh3 41. Qxf7+ Kh7 42. Qf5+ Kh8 43. Qxh3 1-0

[Event "Regionalliga NW 0708"]
[Site "Bayern"]
[Date "2008.03.09"]
[Round "7.4"]
[White "Scherbel, Hans"]
[Black "Basel, Matthias"]
[Result "1/2-1/2"]
[WhiteElo "2043"]
[BlackElo "2035"]
[PlyCount "82"]
[EventDate "2007.10.21"]
[EventType "team-tourn"]
[EventRounds "9"]
[EventCountry "GER"]
[SourceTitle "EXT 2009"]
[Source "ChessBase"]
[SourceDate "2008.11.26"]
[SourceVersion "1"]
[SourceVersionDate "2008.11.26"]
[SourceQuality "1"]
[WhiteTeam "Nordhalben"]
[BlackTeam "Kitzingen"]
[WhiteTeamCountry "GER"]
[BlackTeamCountry "GER"]

1. c4 Nf6 2. Nc3 g6 3. e4 Bg7 4. d4 d6 5. Nf3 0-0 6. Be2 e5 7. 0-0 Nc6 8. d5 Ne7 9. Ne1 Ne8 10. Nd3 f5 11. Bd2 Kh8 12. Rc1 Ng8 13. f3 Ngf6 14. c5 Rg8 15. Qb3 Nh5 16. cxd6 cxd6 17. Nf2 f4 18. Rc2 Bf6 19. Rfc1 a6 20. a4 Rg7 21. a5 Bd7 22. Na4 Bxa4 23. Qxa4 Bh4 24. Be1 Nhf6 25. Qb4 Rb8 26. Rc4 h5 27. Qc3 Kh7 28. b4 g5 29. h3 Qd7 30. Qc2 Kg8 31. Qd1 Qd8 32. Qc2 Qd7 33. Qd1 Qd8 34. Qa4 Rc7 35. Rxc7 Nxc7 36. Qc2 Nfe8 37. Kf1 Qd7 38. Nd1 Bxe1 39. Kxe1 Nb5 40. Bxb5 Qxb5 41. Qc4 Qxc4 1/2-1/2

[Event "Regionalliga NW 0708"]
[Site "Bayern"]
[Date "2008.02.17"]
[Round "6.4"]
[White "Vogt, Thomas"]
[Black "Scherbel, Hans"]
[Result "1/2-1/2"]
[WhiteElo "1936"]
[BlackElo "2043"]
[PlyCount "97"]
[EventDate "2007.10.21"]
[EventType "team-tourn"]
[EventRounds "9"]
[EventCountry "GER"]
[SourceTitle "EXT 2009"]
[Source "ChessBase"]
[SourceDate "2008.11.26"]
[SourceVersion "1"]
[SourceVersionDate "2008.11.26"]
[SourceQuality "1"]
[WhiteTeam "Wuerzburg II"]
[BlackTeam "Nordhalben"]
[WhiteTeamCountry "GER"]
[BlackTeamCountry "GER"]

1. e4 e6 2. d4 d5 3. Nc3 Nf6 4. Bg5 Bb4 5. exd5 Qxd5 6. Bxf6 gxf6 7. Nge2 c5 8. a3 Bxc3+ 9. Nxc3 Qxd4 10. Qxd4 cxd4 11. Nb5 Na6 12. Nxd4 Nc7 13. Nb5 Nxb5 14. Bxb5+ Ke7 15. 0-0-0 a6 16. Be2 Bd7 17. Bf3 Ra7 18. Rd2 b5 19. Rhd1 e5 20. Bd5 Bc8 21. f3 Rd8 22. g4 f5 23. g5 f6 24. h4 Rad7 25. b3 Rd6 26. c4 bxc4 27. Bxc4 fxg5 28. Rxd6 Rxd6 29. Rxd6 Kxd6 30. hxg5 e4 31. Kd2 Ke5 32. Bg8 Kf4 33. Bxh7 Kxg5 34. fxe4 fxe4 35. Bxe4 Kf4 36. Kd3 Ke5 37. Bg2 Kd6 38. Kc4 Be6+ 39. Kb4 Kc7 40. a4 Kb6 41. a5+ Ka7 42. Bf1 Bd5 43. Bc4 Bc6 44. Kc5 Bf3 45. Bd5 Be2 46. Kd6 Bf1 47. Bc4 Bg2 48. b4 Bf3 49. Bd5 1/2-1/2

[Event "Regionalliga NW 0607"]
[Site "Bayern"]
[Date "2007.03.18"]
[Round "7.4"]
[White "Hasenstab, Armin"]
[Black "Scherbel, Hans"]
[Result "0-1"]
[WhiteElo "1986"]
[BlackElo "1971"]
[PlyCount "118"]
[EventDate "2006.10.15"]
[EventType "team-tourn"]
[EventRounds "9"]
[EventCountry "GER"]
[SourceTitle "EXT 2008"]
[Source "ChessBase"]
[SourceDate "2007.11.25"]
[SourceVersion "1"]
[SourceVersionDate "2007.11.25"]
[SourceQuality "1"]
[WhiteTeam "Schweinheim"]
[BlackTeam "Nordhalben"]
[WhiteTeamCountry "GER"]
[BlackTeamCountry "GER"]

1. d4 f5 2. c4 Nf6 3. Nc3 d6 4. Nf3 c6 5. g3 Qc7 6. Bg2 e5 7. dxe5 dxe5 8. 0-0 e4 9. Nd4 Bb4 10. Bd2 Na6 11. a3 Bc5 12. Bf4 Qf7 13. b3 0-0 14. Na4 Be7 15. Qc2 Rd8 16. Rfd1 Ne8 17. b4 Bf6 18. Be3 Nac7 19. Rac1 g6 20. Nb3 Rxd1+ 21. Rxd1 Be6 22. Rc1 b5 23. Nb2 Qg7 24. Nd1 Bxc4 25. Na5 Bd5 26. Nxc6 a6 27. Qc5 Bc4 28. Bf1 Ne6 29. Qb6 Qc7 30. Qxc7 N8xc7 31. Na5 Bd5 32. Nc3 Bxc3 33. Rxc3 Rd8 34. Bb6 Rd7 35. e3 Kf7 36. Be2 Ba2 37. Bxc7 Rxc7 38. Rxc7+ Nxc7 39. Nc6 Ke6 40. Kf1 Kd6 41. Nb8 Bd5 42. Ke1 Bb7 43. Kd2 Nd5 44. a4 Kc7 45. Nxa6+ Bxa6 46. axb5 Bb7 47. Bc4 Kd6 48. Kc2 Nxb4+ 49. Kc3 Kc5 50. Bg8 Bd5 51. Bxh7 Bf7 52. h4 Nd5+ 53. Kd2 Nf6 54. Bxg6 Bxg6 55. Ke2 Kxb5 56. f3 Bh5 57. g4 fxg4 58. fxe4 Nxe4 59. Kd3 g3 0-1

[Event "Regionalliga NW 0607"]
[Site "Bayern"]
[Date "2007.02.04"]
[Round "5.4"]
[White "Vogt, Thomas"]
[Black "Scherbel, Hans"]
[Result "0-1"]
[WhiteElo "1941"]
[BlackElo "1971"]
[PlyCount "120"]
[EventDate "2006.10.15"]
[EventType "team-tourn"]
[EventRounds "9"]
[EventCountry "GER"]
[SourceTitle "EXT 2008"]
[Source "ChessBase"]
[SourceDate "2007.11.25"]
[SourceVersion "1"]
[SourceVersionDate "2007.11.25"]
[SourceQuality "1"]
[WhiteTeam "Wuerzburg II"]
[BlackTeam "Nordhalben"]
[WhiteTeamCountry "GER"]
[BlackTeamCountry "GER"]

1. e4 e6 2. d4 d5 3. Nc3 Nf6 4. Bg5 Bb4 5. e5 h6 6. Bd2 Bxc3 7. bxc3 Ne4 8. Qg4 Kf8 9. Nh3 c5 10. Bd3 Nxd2 11. Kxd2 Nc6 12. Qf4 g5 13. Qe3 Qa5 14. dxc5 d4 15. Qe4 Qxc3+ 16. Ke2 Qxc5 17. f4 gxf4 18. Nxf4 Qxe5 19. Rhf1 Rg8 20. Rab1 Rg5 21. Rf2 Ke7 22. Kd1 Qxe4 23. Bxe4 Ra5 24. Rb3 Rxa2 25. Bxc6 bxc6 26. Rh3 e5 27. Rxh6 exf4 28. Rxf4 c5 29. Rc6 Be6 30. Rxc5 Rg8 31. g3 Rg4 32. Kd2 Rxf4 33. gxf4 Ra3 34. f5 Ba2 35. Rc6 Bd5 36. Rh6 Be4 37. Rh4 Bxf5 38. Rxd4 Ra2 39. Ke3 Bxc2 40. h4 Bg6 41. Rd5 Kf6 42. Rc5 a5 43. Kf4 Rf2+ 44. Ke3 Rf5 45. Rc6+ Kg7 46. Rc4 Kh6 47. Kd2 Kh5 48. Kc3 Rb5 49. Kd2 Bf5 50. Ke3 Be6 51. Rd4 Bb3 52. Kd2 Rc5 53. Rf4 a4 54. Rb4 Rc4 55. Rb7 Kxh4 56. Rxf7 a3 57. Rf1 a2 58. Ra1 Kg3 59. Kd3 Rc2 60. Re1 Rb2 0-1

[Event "Regionalliga NW 0607"]
[Site "Bayern"]
[Date "2006.12.10"]
[Round "4.4"]
[White "Scherbel, Hans"]
[Black "Zoeller, Bernd"]
[Result "0-1"]
[WhiteElo "1971"]
[BlackElo "1978"]
[PlyCount "87"]
[EventDate "2006.10.15"]
[EventType "team-tourn"]
[EventRounds "9"]
[EventCountry "GER"]
[SourceTitle "EXT 2008"]
[Source "ChessBase"]
[SourceDate "2007.11.25"]
[SourceVersion "1"]
[SourceVersionDate "2007.11.25"]
[SourceQuality "1"]
[WhiteTeam "Nordhalben"]
[BlackTeam "Klingenberg"]
[WhiteTeamCountry "GER"]
[BlackTeamCountry "GER"]

1. c4 c6 2. Nc3 d5 3. d4 Nf6 4. Nf3 e6 5. e3 Be7 6. Bd3 0-0 7. 0-0 Nbd7 8. Ne5 dxc4 9. Nxc4 c5 10. Ne5 cxd4 11. exd4 Nb6 12. Be3 Nbd5 13. Qe2 a6 14. g4 g6 15. h3 Qd6 16. g5 Nh5 17. Ne4 Qd8 18. Qg4 Bd7 19. h4 Bb5 20. Bxb5 axb5 21. Nc3 b4 22. Nxd5 Qxd5 23. Qf3 Qb5 24. Qe4 Ng7 25. f4 Nf5 26. Bf2 Rfc8 27. b3 Rc3 28. Kg2 Rac8 29. Nc4 Ra8 30. Rfd1 Qd5 31. Qxd5 exd5 32. Nb6 Ra5 33. Na4 Rc2 34. Rdc1 Rd2 35. Rc7 Bd6 36. Rc8+ Kg7 37. Kf3 Rd3+ 38. Ke2 Rh3 39. Rd8 Ra6 40. Rd7 Rc6 41. Rd1 Bxf4 42. Nc5 b6 43. Rd3 Rh2 44. Rf3 0-1

[Event "Regionalliga NW 0607"]
[Site "Bayern"]
[Date "2006.11.19"]
[Round "3.4"]
[White "Scherbel, Hans"]
[Black "Basel, Matthias"]
[Result "1/2-1/2"]
[WhiteElo "1971"]
[BlackElo "2005"]
[PlyCount "80"]
[EventDate "2006.10.15"]
[EventType "team-tourn"]
[EventRounds "9"]
[EventCountry "GER"]
[SourceTitle "EXT 2008"]
[Source "ChessBase"]
[SourceDate "2007.11.25"]
[SourceVersion "1"]
[SourceVersionDate "2007.11.25"]
[SourceQuality "1"]
[WhiteTeam "Nordhalben"]
[BlackTeam "Kitzingen"]
[WhiteTeamCountry "GER"]
[BlackTeamCountry "GER"]

1. c4 Nf6 2. Nc3 g6 3. e4 d6 4. d4 Bg7 5. Nf3 0-0 6. Be2 e5 7. 0-0 Nc6 8. d5 Ne7 9. Ne1 Ne8 10. Nd3 f5 11. Bd2 Kh8 12. Rc1 Ng8 13. f3 Ngf6 14. c5 Rg8 15. Qb3 f4 16. cxd6 cxd6 17. Nf2 g5 18. a4 h5 19. h3 Bf8 20. Nb5 Rg7 21. Rc2 g4 22. hxg4 hxg4 23. fxg4 Kg8 24. Rfc1 Bxg4 25. Bxg4 Nxg4 26. Nxg4 Rxg4 27. Be1 Qg5 28. Qf3 Qg6 29. Nc7 Rb8 30. Ne6 Ng7 31. Nxg7 Kxg7 32. Rc7+ Kf6 33. Rd7 Be7 34. Rcc7 Rg8 35. Bh4+ Rxh4 36. Rxe7 Qg3 37. Rf7+ Kg6 38. Qxg3+ fxg3 39. Rf3 Rg4 40. a5 Kh6 1/2-1/2

[Event "Regionalliga NW 0506"]
[Site "Bayern"]
[Date "2006.02.19"]
[Round "7.4"]
[White "Scherbel, Hans"]
[Black "Frey, Michael"]
[Result "1/2-1/2"]
[WhiteElo "1974"]
[BlackElo "1948"]
[PlyCount "53"]
[EventDate "2005.10.23"]
[EventType "team-tourn"]
[EventRounds "9"]
[EventCountry "GER"]
[SourceTitle "EXT 2007"]
[Source "ChessBase"]
[SourceDate "2006.11.23"]
[SourceVersion "1"]
[SourceVersionDate "2006.11.23"]
[SourceQuality "1"]

1. c4 f5 2. Nc3 Nf6 3. d4 d6 4. Nf3 g6 5. g3 Bg7 6. Bg2 0-0 7. 0-0 Qe8 8. b3 c6 9. Bb2 Na6 10. Re1 e5 11. e3 e4 12. Nd2 Nb4 13. Bf1 g5 14. a3 Nd3 15. Bxd3 exd3 16. Qb1 Qh5 17. Qxd3 Ng4 18. Nf1 f4 19. exf4 gxf4 20. f3 Nxh2 21. Nxh2 fxg3 22. Nf1 Rxf3 23. Re3 Rf2 24. Rxg3 Rxb2 25. Ne4 Bg4 26. Nfd2 Rf8 27. Rf1 1/2-1/2

[Event "Regionalliga NW 0506"]
[Site "Bayern"]
[Date "2005.11.27"]
[Round "3.4"]
[White "Lang, Rudolf"]
[Black "Scherbel, Hans"]
[Result "1/2-1/2"]
[WhiteElo "1851"]
[BlackElo "1974"]
[PlyCount "97"]
[EventDate "2005.10.23"]
[EventType "team-tourn"]
[EventRounds "9"]
[EventCountry "GER"]
[SourceTitle "EXT 2007"]
[Source "ChessBase"]
[SourceDate "2006.11.23"]
[SourceVersion "1"]
[SourceVersionDate "2006.11.23"]
[SourceQuality "1"]

1. c4 f5 2. Nc3 Nf6 3. d4 d6 4. g3 c6 5. Bg2 Qc7 6. f4 Nbd7 7. Nf3 e5 8. fxe5 dxe5 9. Nxe5 Nxe5 10. dxe5 Qxe5 11. Bf4 Qc5 12. Qd3 Be6 13. b3 Rd8 14. Qe3 Qxe3 15. Bxe3 Bb4 16. Rc1 0-0 17. Bxa7 Ra8 18. Bd4 Rxa2 19. Bf3 Rb2 20. Kf2 Rxb3 21. Na4 Ng4+ 22. Bxg4 fxg4+ 23. Kg2 Ra8 24. Nc5 Bxc5 25. Bxc5 b5 26. Rhf1 Bxc4 27. Rc2 Bd5+ 28. Kg1 Be4 29. Rd2 Rb1 30. Rxb1 Bxb1 31. Rd7 Re8 32. Kf2 g6 33. Bd4 h5 34. Bf6 Re6 35. Bg5 Be4 36. Rd8+ Kf7 37. Rd7+ Ke8 38. Rd8+ Kf7 39. Rd7+ Kf8 40. Rd8+ Re8 41. Rxe8+ Kxe8 42. Ke3 Bd5 43. Kd4 b4 44. Bd2 b3 45. Bc1 Kd7 46. Ba3 Bf7 47. Bb2 Ke6 48. e4 Bg8 49. Kc5 1/2-1/2

[Event "Regionalliga NW 0405"]
[Site "Bayern"]
[Date "2004.11.28"]
[Round "3.4"]
[White "Scherbel, Hans"]
[Black "Janda, Pavel"]
[Result "0-1"]
[WhiteElo "1976"]
[BlackElo "2053"]
[PlyCount "44"]
[EventDate "2004.10.24"]
[EventType "team-tourn"]
[EventRounds "9"]
[EventCountry "GER"]
[SourceTitle "EXT 2007"]
[Source "ChessBase"]
[SourceDate "2006.11.23"]
[SourceVersion "1"]
[SourceVersionDate "2006.11.23"]
[SourceQuality "1"]
[WhiteTeam "Nordhalben"]
[BlackTeam "Kulmbach"]
[WhiteTeamCountry "GER"]
[BlackTeamCountry "GER"]

1. c4 Nf6 2. Nc3 c5 3. Nf3 Nc6 4. d4 cxd4 5. Nxd4 a6 6. e3 e6 7. Be2 Qc7 8. 0-0 Ne5 9. b3 d5 10. f4 Ng6 11. Bb2 e5 12. fxe5 Qxe5 13. Qd2 Bd6 14. Nf3 Qh5 15. Nxd5 Ne4 16. Qd4 Bf5 17. Qxg7 0-0-0 18. Nf6 Bxh2+ 19. Nxh2 Qxe2 20. Bd4 Rxd4 21. exd4 Qe3+ 22. Kh1 Ng3# 0-1